El concepto de método
Saved in:
| Hovedforfatter: | |
|---|---|
| Andre forfattere: | |
| Format: | Bog |
| Sprog: | spansk |
| Udgivet: |
Buenos Aires, Argentina
Nova
1972
|
| Serier: | Colección La Vida del Espíritu
|
| Fag: | |
| Tags: |
Tilføj Tag
Ingen Tags, Vær først til at tagge denne postø!
|
MARC
| LEADER | 00000nam a2200000 a 4500 | ||
|---|---|---|---|
| 001 | UCY6954 | ||
| 003 | CL-VaPUC | ||
| 005 | 20220319074502.0 | ||
| 008 | 950602e19720000AG |||||||||||||||||spa|d | ||
| 999 | |c 234433 |d 234431 | ||
| 040 | |c Pontificia Universidad Católica de Valparaíso | ||
| 082 | 0 | 4 | |a 101 BUC 1972 |2 21 |
| 100 | 0 | |a Buchler, Justus |9 337192 | |
| 245 | 1 | 3 | |a El concepto de método |
| 260 | 0 | 3 | |a Buenos Aires, Argentina |b Nova |c 1972 |
| 300 | |a 180 páginas | ||
| 490 | 0 | |a Colección La Vida del Espíritu | |
| 583 | |a last modification |c 19950602 00:00:00 |k Rodrigo Vera | ||
| 650 | 0 | |a Filosofía |9 223554 | |
| 650 | 0 | |a Conciencia |9 309452 | |
| 650 | 0 | |a Ética |9 255099 | |
| 650 | 0 | |a Lógica |9 256849 | |
| 650 | 0 | |a Métodos de investigación |9 262618 | |
| 650 | 0 | |a Método científico |9 337193 | |
| 700 | 1 | |a Chamizo, Juan P. |e traductor |9 864708 | |
| 942 | |c BK |2 ddc | ||
| 945 | |d 19950602 00:00:00 |a cmena | ||
| 952 | |0 0 |1 0 |2 ddc |4 0 |6 101_000000000000000_BUC_1972 |7 0 |8 A |9 240695 |a BIBEDU |b BIBEDU |d 2019-11-18 |i 1515101 |o 101 BUC 1972 |p 1515101 |r 2019-11-18 |t 1 |w 2019-11-18 |y BK |k EDU | ||